| 000 | 00614nam a2200205 i 4500 | ||
|---|---|---|---|
| 001 | bgj | ||
| 245 | 0 | 0 |
_aEssential articles : _bthe journalism file / _cedited by Christine Shepherd and Chas White. |
| 260 |
_aCarlisle, England : _bCarel Press, _c1990. |
||
| 300 |
_a232 pp : _bill., photos ; _c32 cm. |
||
| 505 | _aIncludes indexes. | ||
| 650 | 9 | _aEssays in English | |
| 700 | 1 |
_aSHEPHERD, Christine. _eeditor |
|
| 700 | 1 |
_aWHITE, Chas. _eeditor |
|
| 020 | _a1872365043 (hbk) | ||
| 040 | _cBPK | ||
| 041 | 0 | _aeng | |
| 920 | _a1-872365-04-3 (hbk) | ||
| 942 | _cKS | ||
| 008 | s uk f |000 0 eng | ||
| 999 |
_c50150 _d50150 |
||
| 856 |
_uhttp://koha.tu.koszalin.pl/cgi-bin/koha/opac-detail.pl?biblionumber=50150 _yKatalog online BPK |
||